000
00299nam a22001337a 4500
020
_a
NA
082
_2
22
_a
301.31
100
_a
Moran Joseph
245
_a
Living in the environment /
250
_a
8th
260
_a
Wads worth,
_b
Wads worth,
_c
NA
300
_a
701 p, ;
_b
NA
_c
24cm.
942
_2
ddc
_c
MAG
999
_c
3067
_d
3067